Punkty wytrzymałości - World of Tanks - Statystyki

Ogólne statystyki
  • Ten quiz został rozwiązany 138 razy
  • Średni wynik to 14 z 25
Statystyki odpowiedzi
POJAZD PW % Poprawnych
50TP prototyp 1500
89%
IS-3A 1550
89%
T32 1550
89%
O-NI 1550
89%
SU-130PM 1100
81%
Object 277 2200
80%
Object 430 1800
78%
FV4202 1400
76%
60TP Lewandowskiego 2600
74%
UDES 03 1000
73%
AMX 50 B 2100
70%
TVP VTU 1450
68%
121 1950
66%
Skoda T 27 1350
64%
T69 1350
64%
T25/2 850
60%
B-C 155 58 490
47%
Cromwell B 840
33%
IS-2 1280
25%
E 75 1920
24%
25TP 590
21%
P43 bis 830
21%
Leopard 580
20%
Cruiser I 255
19%
T6 Medium 475
8%
Nie znaleziono quizów pasujących do podanych kryteriów
Rozkład punktacji
Procent ludzi z każdym wynikiem
Percentyl według liczby udzielonych odpowiedzi
Twoja historia wyników
Nie rozwiązałeś tego quizu